000
00258nam a2200097Ia 4500
008
230508s2005 xx 000 0 und d
041
_a
eng
100
_a
DESAI/ABEL
245
_a
INTRODUCTION TO THE FINITE ELEMENT METHOD
260
_b
CBS PUBLISHERS & DIS
_c
2005
999
_c
712879
_d
712879